00414 a2200145 4500010001400000020002400014035001300038037001600051082001100067100001600078245005100094260004600145270005500191300002200246 aENG-90130 c180.00a81902161104 aEN-73663 bDBAD / PUB14a181.46 1aAshok Kumar1 aBhagavad Gita's 5th dimension/cby Ashok Kumar aAllahabadbThe Latent Light Culturec2004 a16/33, Ghas-ki-Satti (Khuldabad)bAllahabade21003 a99p.c23 cm (Hb)